Tarnished scalpels : the court-martials of fifty Union surgeons /

Bibliographic Details
Main Author: Lowry, Thomas P. (Thomas Power), 1932-
Corporate Author: NetLibrary, Inc
Other Authors: Welsh, Jack D., 1928-
Format: eBook
Language:English
Published: Mechanicsburg, Pa. : Stackpole Books, [2000]
Edition:1st ed.
Subjects:
Online Access:Connect to the full text of this electronic book

MARC

Tag First Indicator Second Indicator Subfields
LEADER 00000cam a2200000La 4500
001 in00001745565
005 20220105122446.0
006 m u
007 cr cn-
008 010226s2000 pau sb 001 0 eng d
010 |z  99087411  
020 |a 0585350736 (electronic bk.) :  |c $24.95 
020 |z 0811716031 
035 |a (OCoLC)ocm47011155 
035 |a 52985  |b (N$T) 
040 |a N$T  |c N$T  |d OCL  |d UtOrBLW 
043 |a n-us--- 
049 |a IKMN 
050 1 4 |a KF7641  |b .L693 2000eb 
082 0 4 |a 343.73/0143  |2 21 
100 1 |a Lowry, Thomas P.  |q (Thomas Power),  |d 1932-  |0 http://id.loc.gov/authorities/names/n94009090 
245 1 0 |a Tarnished scalpels :  |b the court-martials of fifty Union surgeons /  |c Thomas P. Lowry and Jack D. Welsh. 
250 |a 1st ed. 
264 1 |a Mechanicsburg, Pa. :  |b Stackpole Books,  |c [2000] 
264 4 |c ©2000 
300 |a xxix, 258 pages :  |b illustrations ;  |c 24 cm. 
336 |a text  |b txt  |2 rdacontent 
337 |a computer  |b c  |2 rdamedia 
338 |a online resource  |b cr  |2 rdacarrier 
504 |a Includes bibliographical references (page 250) and index. 
533 |a Electronic reproduction.  |b Boulder, Colo. :  |c NetLibrary,  |d 2001.  |n Available via World Wide Web.  |n Access may be limited to NetLibrary affiliated libraries. 
500 |a Electronic resource. 
650 0 |a Courts-martial and courts of inquiry  |z United States.  |0 http://id.loc.gov/authorities/subjects/sh85033590 
650 0 |a Trials (Military offenses)  |z United States.  |0 http://id.loc.gov/authorities/subjects/sh2010117075 
610 1 0 |a United States.  |b Army  |x Surgeons  |x Malpractice.  |0 http://id.loc.gov/authorities/subjects/sh2003003067 
655 7 |a Electronic books.  |2 local 
700 1 |a Welsh, Jack D.,  |d 1928-  |0 http://id.loc.gov/authorities/names/n94016491 
710 2 |a NetLibrary, Inc.  |0 http://id.loc.gov/authorities/names/no99080690 
776 0 |c Original  |w (DLC) 99087411  |w (OCoLC)43286524 
856 4 1 |u https://proxy.library.tamu.edu/login?url=http://www.netLibrary.com/urlapi.asp?action=summary&v=1&bookid=52985  |z Connect to the full text of this electronic book  |t 0 
994 |a 92  |b IKM 
999 |a MARS 
999 f f |s d6546afd-9161-3d37-8f44-1d3e387b3aeb  |i cfd11e53-fa0a-3ba7-bd4a-c07f410cec06  |t 0 
952 f f |a Texas A&M University  |b College Station  |c Electronic Resources  |d Available Online  |t 0  |e KF7641 .L693 2000eb  |h Library of Congress classification 
998 f f |a KF7641 .L693 2000eb  |t 0  |l Available Online